| 000 | 01019nam a2200229 a 4500 | ||
|---|---|---|---|
| 001 | 44063 | ||
| 003 | BD-RjUL | ||
| 005 | 20211209053808.0 | ||
| 008 | 160713s2008 bg ||||| |||| 00| 0 ben d | ||
| 020 |
_a9840746456 _c: Tk.120.00 |
||
| 035 | _a(BD-RjUL)44181 | ||
| 040 |
_aBD-RjUL _bben _cBD-RjUL _dBD-RjUL |
||
| 041 | _aben | ||
| 082 |
_223 _a930.1072 _bSHS 2008 |
||
| 100 |
_aশাহনাওয়াজ, এ কে এম _9120311 |
||
| 245 | 1 | 0 |
_aসাম্প্রতিক প্রত্ন-গবেষণায় বাংলাদেশের সাংস্কৃতিক ঐতিহ্য পুনর্গঠনের সম্ভাবনা / _cএ কে এম শাহনাওয়াজ |
| 260 |
_aঢাকা : _bবাংলা একাডেমী, _c২০০৮ |
||
| 300 |
_a৯৬ পৃ. : _bচিত্র ; _c২৩ সেমি. |
||
| 650 |
_aপ্রত্নতত্ত্ব _9135324 _x গবেষণা |
||
| 650 |
_aArchaeology _9135325 _xResearch |
||
| 942 |
_2ddc _cBK |
||
| 999 |
_c44063 _d44063 |
||